01144cas a2200265 i 450000100070000000500170000700700030002400800470002701100150007404000330008904100080012211000330013024500240016326400670018730000580025431000130031233600270032533700340035233800280038636200240041450000330043852002680047165000640073965100750080325372420251217110113.0ta250813e1995 dr wn p co || |0spa || |  a  aDO-SdBNPbspacDO-SdBNPerda hspa aHoy (República Dominicana) aEn Sociedad /cHoy. aSanto Domingo, República Dominicana :bEditora Hoy, c1995.  avolumen : bilustraciones, fotografías ; c37 cm.  aSemanal. atextobtxt2rdacontent asin mediación bn2rdamedia avolumenbnc2rdacarrier aAño: 1995, enero. aNueva edición tentaciones. aEn Sociedad: es una revista de circulación semanal, cada semana te traemos las últimas tendencias en moda, belleza, viajes y gastronomía. Asistimos a los eventos sociales y culturales, y presentamos a las personalidades más destacadas del panorama social. aModas.vPublicaciones periódicas zRepública Dominicana 0aRepública DominicanavPublicaciones periódicas xAspectos sociales